Times Tables - 8x - Statistics

General Stats
  • This quiz has been taken 109 times
  • The average score is 11 of 12
Answer Stats
Equation Answer % Correct
1x8 8
100%
2x8 16
99%
3x8 24
97%
5x8 40
97%
10x8 80
96%
4x8 32
94%
6x8 48
94%
11x8 88
94%
7x8 56
93%
8x8 64
93%
9x8 72
93%
12x8 96
93%
No matching quizzes found
Score Distribution
Percent of People with Each Score
Percentile by Number Answered
Your Score History
You have not taken this quiz